Statistics for Modern-Day U.S. States of Deseret on a Map

Click here to take the quiz!

General Stats

  • This quiz has been taken 502 times
  • The average score is 9 of 9

Answers on the Map

Answers color-coded by a green-red scale on the quiz's map according to % correct below.
 

Answer Stats

State% Correct
California
100%
Nevada
99%
Arizona
98%
New Mexico
98%
Colorado
97%
Oregon
97%
Utah
97%
Idaho
95%
Wyoming
95%

Score Distribution

Percentile by Number Answered

Percent of People with Each Score

Your Score History

You have not taken this quiz